Biblioteca ESET

Violeta Parra #2 (Registro nro. 440)

Detalles MARC
000 -CABECERA
fixed length control field 00954nam a2200289Ia 4500
003 - CONTROL NUMBER IDENTIFIER
control field AR-BeUNQ
005 - FECHA Y HORA DE LA ULTIMA TRANSACCION
control field 20250714181833.0
008 - ELEMENTOS DE LONGITUD FIJA-INFORMACION GENERAL
fixed length control field 221202s9999 xx 000 0 und d
020 ## - NUMERO INTERNACIONAL NORMALIZADO PARA LIBROS
Número Internacional Normalizado del libro 97898739518
040 ## - FUENTE DE CATALOGACION
Agencia de catalogación original AR-BeUNQ
Idioma de catalogación ESPAÑOL
Convenciones de la descripción aacr
Agencia que realiza la transcripción AR-BeUNQ
082 ## - NUMERO DE CLASIFICACION DECIMAL DEWEYMBER
Número de la edición 21
Número de clasificación 920/FIN
100 ## - ASIENTO PRINCIPAL-NOMBRE PERSONAL
Nombre personal Fink, Nadia Paola
245 #0 - MENCION DE TITULO
Título Violeta Parra #2
250 ## - MENCION DE EDICION
Mención de edición 1a ed.
260 ## - PUBLICACION, DISTRIBUCION, ETC.
Lugar de publicación, distribución, etc. Lomas de Zamora
Nombre del editor, distribuidor, etc. Sudestada
Fecha de publicación, distribución, etc 2015
300 ## - DESCRIPCION FISICA
Extensión 26 p. ;
Otros detalles físicos il. ;
Dimensiones 21 x 21 cm
490 ## - MENCION DE SERIE
Mención de serie Colección Antiprincesas
546 ## - NOTA DE IDIOMA
Nota de idioma Español
653 ## - TERMINO DE INDIZACION - NO CONTROLADO
Término de indización no controlado Biografías
929 ## - DATOS DE ADQUISICION
Proveedor Ursino, Antonella
Fecha de recibido 2019
Procedencia DONACION
Patrimonio UNQ PAT0081490
Precio 0
Orden de compra 0
929 ## - DATOS DE ADQUISICION
Procedencia DONACION
Proveedor Antonela Ursino
Fecha de recibido 2019
Patrimonio UNQ PAT0083606
Precio 0
Número de inventario 63468
929 ## - DATOS DE ADQUISICION
Procedencia DONACION
929 ## - DATOS DE ADQUISICION
Proveedor Ursino, Antonella
Fecha de recibido 2022
Procedencia DONACION
Patrimonio UNQ PAT0083089
Precio 0
Orden de compra 0
Es copia 2
Número de inventario 62972
929 ## - DATOS DE ADQUISICION
Proveedor Ursino, Antonella
Fecha de recibido 2022
Procedencia DONACION
Patrimonio UNQ PAT0083090
Precio 0
Orden de compra 0
Es copia 3
Número de inventario 62973
929 ## - DATOS DE ADQUISICION
Proveedor Ursino, Antonella
Fecha de recibido 2022
Procedencia DONACION
Patrimonio UNQ PAT0083088
Precio 0
Orden de compra 0
Es copia 4
Número de inventario 62974
942 ## - ELEMENTOS DE PUNTO DE ACCESO ADICIONAL (KOHA)
Tipo de ítem Koha Libros
Suppress in OPAC 0
Existencias
Estado de retiro Estado de pérdida Ubicación permanente Ubicación actual Ubicación en estantería Fecha de ingreso Signatura topográfica completa Date last seen Tipo de ítem Koha Operador Inventario Número de copia Total Checkouts
    Biblioteca ESET - UNQ Biblioteca ESET - UNQ CIRCULACION 02/12/2022 920 FIN 02/12/2022 Libros Paula Ramos      
    Biblioteca ESET - UNQ Biblioteca ESET - UNQ CIRCULACION 09/04/2025 920/FIN 09/04/2025 Libros PK 62972 2  
    Biblioteca ESET - UNQ Biblioteca ESET - UNQ CIRCULACION 09/04/2025 920/FIN 09/04/2025 Libros PK 62973 3  
    Biblioteca ESET - UNQ Biblioteca ESET - UNQ CIRCULACION 09/04/2025 920/FIN 09/04/2025 Libros PK 62974 4  
    Biblioteca ESET - UNQ Biblioteca ESET - UNQ CIRCULACION 14/07/2025 928 PAR 14/07/2025 Libros Gladys Alarcon 63468    

ESET UNQ

☏ 4365-7188
 Avenida República de Francia 1714 entre Doctor Kenny y Concordia, Ezpeleta, Bs As.
✉ secretaria_eset@unq.edu.ar

Con tecnología Koha